Urban and Per-Urban Water Supply and Sanitation Sector Report: (Record no. 1201)

MARC details
000 -LEADER
fixed length control field 00708nam a22001817a 4500
005 - DATE AND TIME OF LATEST TRANSACTION
control field 20240627064743.0
008 - FIXED-LENGTH DATA ELEMENTS--GENERAL INFORMATION
fixed length control field 240514b |||||||| |||| 00| 0 eng d
040 ## - CATALOGING SOURCE
Original cataloging agency KMU
Transcribing agency KMU
Modifying agency KMU
Description conventions rda
100 ## - MAIN ENTRY--PERSONAL NAME
Personal name National Water Supply and Sanitation Council
245 ## - TITLE STATEMENT
Title Urban and Per-Urban Water Supply and Sanitation Sector Report:
Remainder of title 15 years(2000-2015) ensuring better services and fair value /
Statement of responsibility, etc. National Water Supply and Sanitation Council
260 ## - PUBLICATION, DISTRIBUTION, ETC.
Place of publication, distribution, etc. Lusaka:
Name of publisher, distributor, etc. National Water Supply and Sanitation Council
Date of publication, distribution, etc. 2015.
300 ## - PHYSICAL DESCRIPTION
Extent 77 P.:
Other physical details ill.;
Dimensions 24cm
500 ## - GENERAL NOTE
General note Includes conclusion
650 ## - SUBJECT ADDED ENTRY--TOPICAL TERM
Topical term or geographic name entry element National Water Supply and Sanitation Council
650 ## - SUBJECT ADDED ENTRY--TOPICAL TERM
Topical term or geographic name entry element water Supply
650 ## - SUBJECT ADDED ENTRY--TOPICAL TERM
Topical term or geographic name entry element sanitation
942 ## - ADDED ENTRY ELEMENTS (KOHA)
Koha item type Report
Suppress in OPAC No
Holdings
Withdrawn status Lost status Damaged status Not for loan Collection Home library Current library Shelving location Date acquired Source of acquisition Total Checkouts Full call number Barcode Date last seen Price effective from Koha item type Source of classification or shelving scheme
        Non-fiction Kapasa Makasa University Kapasa Makasa University Special Collection 14.05.2024 CBU   NWASCO(058) UPWS/2014A B3500 14.05.2024 14.05.2024 Report  
        Non-fiction Kapasa Makasa University Kapasa Makasa University Special Collection 14.05.2024 CBU   NWASCO(058) UPWS/2014B B3501 14.05.2024 14.05.2024 Report Dewey Decimal Classification
        Non-fiction Kapasa Makasa University Kapasa Makasa University Special Collection 14.05.2024 CBU   NWASCO(058) UPWS/2014C B3502 14.05.2024 14.05.2024 Report Dewey Decimal Classification
        Non-fiction Kapasa Makasa University Kapasa Makasa University Special Collection 14.05.2024 CBU   NWASCO(058) UPWS/2014D B3503 14.05.2024 14.05.2024 Report Dewey Decimal Classification